History Quiz

Random History or Letter Quiz

'V' American History Quiz Stats

 Plays Quiz Updated Sep 3, 2017

Challenge
Share
Tweet
Embed
Score 0/20 Timer 07:00
0 Plays Today
Hint Answer % Correct
What of the original 13 colonies was nicknamed 'Old Dominion'?Virginia
97.7%
Where did the United States fight a war from 1955 to 1975?Vietnam
89.8%
Which president, who served from 1837 to 1841, is the only one to have spoken English as a second language?Martin Van Buren
86.8%
What sovereign state joined the U.S. in 1791 as the 14th state?Vermont
83.3%
What business magnate is best known for his success in the railroad industry and for financing a Tennessee university bearing his name?Cornelius Vanderbilt
71.7%
What former professional wrestler served as governor of Minnesota from 1999 to 2003?Jesse Ventura
69.4%
What author penned the novel 'Slaughterhouse-Five' after serving in WWII?Kurt Vonnegut
68.8%
The siege of what Mississippi city in 1863 is often considered the turning point in the Civil War?Vicksburg
66.2%
In what southeastern Pennsylvania military camp did the Continental Army spend the winter of 1777-1778?Valley Forge
62%
What Mexican-American rock and roll pioneer was killed in a plane crash on February 3, 1959?Ritchie Valens
60.6%
Hint Answer % Correct
What Mexican general led a raid into New Mexico in 1916, prompting the U.S. to send General Pershing to try and capture him?Pancho Villa
56.7%
What NASA program, launched in 1977, sent two space probes to study the outer Solar System?Voyager
53.1%
Passed in 1965, what piece of federal legislation prohibits racial discrimination in voting?Voting Rights Act of 1965
47.9%
What cabinet department, which became Cabinet-level in 1989, is currently headed by David Shulkin?Veterans Affairs
44.7%
What Mexican seaport was besieged by American forces in March 1847 during the Mexican-American War?Veracruz
34%
What German engineer, brought to the U.S. as part of Operation Paperclip, was known as the 'Father of Rocket Science'?Wernher von Braun
33.9%
What fort and fur trading outpost became the headquarters of the Hudson Bay Company's Columbia Department in 1824?Vancouver
31.9%
Who served as President Carter's secretary of state before resigning in protest of the secret mission to rescue American hostages in Iran?Cyrus Vance
21.2%
In what present-day Indiana city did George Rogers Clark and his militia capture Fort Sackville in 1779?Vincennes
14.6%
What free black man planned a slave revolt in Charleston, South Carolina, in 1822?Denmark Vesey
7.8%

You're not logged in!

Compare scores with friends on all Sporcle quizzes.
Join for Free
OR
Log In

You Might Also Like...

Show Comments

Extras

Top Quizzes Today


Score Distribution

Your Account Isn't Verified!

In order to create a playlist on Sporcle, you need to verify the email address you used during registration. Go to your Sporcle Settings to finish the process.

Report this User

Report this user for behavior that violates our Community Guidelines.

Details: